Modern RAF Squadrons Quiz - Statistics

General Stats
  • This quiz has been taken 40 times
  • The average score is 6 of 11
Answer Stats
Hint Answer % Correct
One of RAF Marham's bomber squadrons with a motto of "Through The Night We Fly" 9(B) Squadron
76%
Squadron crest contains two eagles 11 Squadron
71%
Has the letter "X" three times in its crest 29 Squadron
68%
Formed in 1913 and currently based at RAF Waddington, another AC squadron 5(AC) Squadron
68%
A squadron with higher duties 32 (The Royal) Squadron
62%
Currently provides aggressor training for Britain's military pilots 100 Squadron
59%
Chinook squadron with Pegasus rampant on its crest 18 Squadron
59%
The RAF's Test & Evaluation squadron 41 Squadron
56%
The RAF's only Tucano squadron 72 Squadron
44%
One of only three Army Co-Operation (AC) squadrons left, equipped with the Typhoon II(AC) Squadron
29%
Crest contains a winged numeral 1 Squadron
15%
No matching quizzes found
Score Distribution
Percent of People with Each Score
Percentile by Number Answered
Your Score History
You have not taken this quiz